00422 2200157 4500001002100000005001500021008004100036020002200077035001900099082001100118090001700129100001900146245004000165260003800205300002100243INLIS00000000000701220241224113408241224||||||||| | ||| |||| ||  a978-602-8512-98-5 0010-12240070120 a297.14 a297.14 NUR f0 anurul chomaria00apanduan terlengkap pasca melahirkan aSurakartabziyad visi mediac2011 a468 hlm.; 235 mm